000 01421nam0a22003011 4500
001 rc\3516658
005 20130115142934.9
021 _aRU
_b[73-81268]
035 _a(NLR Aleph) 007659828
090 _a6319690
_c6319690
100 _a20130115d1973 |||y0rusy50 ca
101 0 _arus
102 _aRU
105 _ay z |||||
200 1 _aМетодическое руководство по техническому нормированию горнопроходческих работ
_fМ-во геологии СССР. АН СССР. Всесоюз. науч.-исслед. ин-т экономики минер. сырья и геол.-развед. работ "ВИЭМС"
210 _aМосква
_cНедра
_d1973
215 _a159 с.
_d21
300 _aПеред загл. авт.: О.В. Бонас, К.Г. Володченко, М.С. Куниченко
320 _aСписок лит.: с. 157
606 _aПроходка горноразведочных выработок
_xТехническое нормирование
_2psbo
700 1 _aБонас
_bО. В.
_gОльга Васильевна
701 1 _aВолодченко
_bК. Г.
_gКонстантин Гаврилович
701 1 _aКуниченко
_bМ. С.
_gМаргарита Степановна
801 0 _aRU
_bNLR
_gpsbo
801 1 _aRU
_bELAR
_2rusmarc
852 _aNLR
_j73-5/4682
942 _cBOOK
980 _aNB